Histoire des styles decoratifs
Đã lưu trong:
| 主要作者: | |
|---|---|
| 格式: | 图书 |
| 语言: | Undetermined |
| 出版: |
Paris
Librairie Larousse
1966
|
| 主题: | |
| 标签: |
添加标签
没有标签, 成为第一个标记此记录!
|
| Thư viện lưu trữ: | Trung tâm Học liệu Trường Đại học Cần Thơ |
|---|
| LEADER | 00498nam a2200181Ia 4500 | ||
|---|---|---|---|
| 001 | CTU_76687 | ||
| 008 | 210402s9999 xx 000 0 und d | ||
| 082 | |a 749 | ||
| 082 | |b B542 | ||
| 100 | |a Berthoin, H. | ||
| 245 | 0 | |a Histoire des styles decoratifs | |
| 245 | 0 | |c H. Berthoin | |
| 260 | |a Paris | ||
| 260 | |b Librairie Larousse | ||
| 260 | |c 1966 | ||
| 650 | |a Decoration and ornament,Interior decoration | ||
| 904 | |i Mai Loan,Hải | ||
| 980 | |a Trung tâm Học liệu Trường Đại học Cần Thơ | ||